000 00332nam a22001337a 4500
005 20250521121358.0
008 250429b |||||||| |||| 00| 0 eng d
020 _a8189411896
100 _aBagad, V.
245 _aManagement Information Systems
260 _aPune
_bTechnical Publications
_c2006
300 _a318pp.
942 _cBK
999 _c366054
_d366054